header

NINETEENTH CENTURY ROMANTICISM IN MUSIC (Record no. 252627)

MARC details
000 -LEADER
fixed length control field 00492nam a22001937a 4500
003 - CONTROL NUMBER IDENTIFIER
control field OSt
005 - DATE AND TIME OF LATEST TRANSACTION
control field 20160225154848.0
008 - FIXED-LENGTH DATA ELEMENTS--GENERAL INFORMATION
fixed length control field 160225b xxu||||| |||| 00| 0 eng d
010 ## - LIBRARY OF CONGRESS CONTROL NUMBER
LC control number 72003962
020 ## - INTERNATIONAL STANDARD BOOK NUMBER
International Standard Book Number 0136226701
040 ## - CATALOGING SOURCE
Transcribing agency N/A
050 ## - LIBRARY OF CONGRESS CALL NUMBER
Classification number ML196 .L65 1973
100 ## - MAIN ENTRY--PERSONAL NAME
Personal name LONGYEAR REY M
245 ## - TITLE STATEMENT
Title NINETEENTH CENTURY ROMANTICISM IN MUSIC
250 ## - EDITION STATEMENT
Edition statement 2ND ED.
260 ## - PUBLICATION, DISTRIBUTION, ETC. (IMPRINT)
Place of publication, distribution, etc ENGLEWOOD CLIFFS,N.J
Name of publisher, distributor, etc PRENTICE HALL
Date of publication, distribution, etc c1973
300 ## - PHYSICAL DESCRIPTION
Extent xiv,289p
Other physical details music,
Dimensions 23cm
942 ## - ADDED ENTRY ELEMENTS (KOHA)
Source of classification or shelving scheme Library of Congress Classification
Koha item type Long Loan Books
Holdings
Withdrawn status Lost status Source of classification or shelving scheme Damaged status Not for loan Collection code Home library Current library Shelving location Date acquired Total Checkouts Full call number Barcode Date last seen Price effective from Koha item type
    Library of Congress Classification     Non-fiction Rongo University Library Rongo University Library General Stacks 25/02/2016   ML196 .L65 1973 201610286 25/02/2016 25/02/2016 Long Loan Books

© 2026 Rongo University
Contact us: librarian | system librarian | Rongo university